Domino reactions. Asymmetric Pd(II)-catalyzed cyclizations - carbonylations in the synthesis of natural compounds dissertation thesis

Gespeichert in:
Bibliographische Detailangaben
1. Verfasser: Doháňošová, Jana
Format: Buch
Sprache:Englisch
Veröffentlicht: Bratislava STU FCHPT 2012
Online-Zugang:Im OPAC anzeigen
Tags: Tag hinzufügen
Keine Tags, Fügen Sie das erste Tag hinzu!

MARC

LEADER 00000nam a2200000 a 4500
005 20260127134107.0
008 150202 2012 000 0 eng d
035 |a vtls010651217 
039 9 |y 201502021043  |z mschk03 
040 |a STUSCHK1  |b slo  |c STUSCHK1  |e AACR2 
100 1 |a Doháňošová, Jana 
245 1 |a Domino reactions. Asymmetric Pd(II)-catalyzed cyclizations - carbonylations in the synthesis of natural compounds  |b dissertation thesis  |c Jana Doháňošová 
260 |a Bratislava  |b STU FCHPT  |c 2012 
300 |a 199 s.  |b il.  |c 30 cm 
500 |a Študijný program a odbor: organická chémia 
500 |a Školiace pracovisko: Odd. organickej chémie 
910 |a SCHK95 
999 |c 3919  |d 3919